| 000 | 00727nam a22002297a 4500 | ||
|---|---|---|---|
| 005 | 20140310183634.0 | ||
| 008 | 131123b xxu||||| |||| 00| 0 eng d | ||
| 020 | _a9780132492676 | ||
| 050 |
_aQA 76.9.C66 _b.B111 2013 |
||
| 100 | _aBaase, Sara. | ||
| 245 |
_aA gift of fire : _bsocial, legal, and ethical issues for computing technology / _cSara Baase. |
||
| 250 | _a4th ed. | ||
| 260 |
_aUpper Saddle River, NJ : _bPearson, _c2013. |
||
| 300 |
_axviii, 476 p. : _bill. ; _c24 cm. |
||
| 504 | _aIncludes Index. | ||
| 521 | _aIT | ||
| 650 |
_aComputers _xSocial aspects. |
||
| 650 |
_aComputers _xMoral and ethical aspects. |
||
| 650 |
_aInternet _xSocial aspects. |
||
| 942 |
_2lcc _cBK _kFOR |
||
| 999 |
_c25671 _d25671 |
||